Plánované hospodářství

Guardado en:
Detalles Bibliográficos
Formato: Seriadas
Lenguaje:checo
Publicado: Praha Panorama 1987
Etiquetas: Agregar Etiqueta
Sin Etiquetas, Sea el primero en etiquetar este registro!

MARC

LEADER 00000nas2a2200000 4500
001 s028734
005 20250730114138.5
041 0 |a cze 
044 |a CZ 
245 1 0 |a Plánované hospodářství 
264 1 |a Praha  |b Panorama  |c 1987 
773 0 |w eu_un_cat*s121006